[Event "4NCL Division 3s"]
[Site "Daventry Court ENG"]
[Date "2015.02.14"]
[Round "5.99"]
[White "Harborne, Matthew J"]
[Black "Herring, Sam"]
[Result "1-0"]
[WhiteElo "2142"]
[BlackElo "1765"]
[PlyCount "151"]
[EventDate "2015.02.14"]

1. e4 e6 2. d4 d5 3. Nd2 Nf6 4. e5 Nfd7 5. Bd3 c5 6. c3 Nc6 7. Ne2 cxd4 8. cxd4
f6 9. exf6 Nxf6 10. Nf3 Bd6 11. O-O Qc7 12. Bg5 O-O 13. Qc2 h6 14. Bh4 Nh5 15.
Bg3 Nxg3 16. hxg3 Bd7 17. Nh4 Be8 18. Kh1 g5 19. Ng6 Bxg6 20. Bxg6 Qg7 21. Bh5
Rac8 22. Qd3 Nb4 23. Qe3 e5 24. Rad1 e4 25. Nc3 g4 26. Qe2 Nd3 27. Qxg4 Qxg4
28. Bxg4 Rxc3 29. Be6+ Kg7 30. bxc3 Nxf2+ 31. Rxf2 Rxf2 32. Bxd5 e3 33. Kh2 Be7
34. Re1 Bg5 35. Bxb7 Rxa2 36. Be4 Rf2 37. Bd3 Kf6 38. Ra1 e2 39. Ra6+ Ke7 40.
Rxa7+ Kd6 41. Ra6+ Kd5 42. Ra5+ Kd6 43. Re5 Bd2 44. Bxe2 Bxc3 45. Re4 Rf6 46.
Bf3 Rg6 47. Kh3 Rg5 48. Rf4 Rg6 49. g4 Bd2 50. Rf5 Bg5 51. Ra5 Rf6 52. Kg3 Rf4
53. Ra6+ Ke7 54. d5 Rd4 55. Re6+ Kd7 56. Be4 Kc7 57. Kf3 Rd1 58. Rc6+ Kd8 59.
Rc3 Rd2 60. Bd3 Ke7 61. g3 Ra2 62. Ke4 Ra4+ 63. Kf5 Rd4 64. Be4 Rb4 65. Rc7+
Kd6 66. Rc6+ Kd7 67. Ke5 Rb8 68. Bf5+ Ke7 69. Rc7+ Kf8 70. Be6 Rd8 71. d6 Ke8
72. Rh7 Kf8 73. Rf7+ Kg8 74. Rc7+ Kf8 75. Rh7 h5 76. Rxh5 1-0

[Event "4NCL Division 3s"]
[Site "Daventry Court ENG"]
[Date "2015.02.14"]
[Round "5.99"]
[White "Munshi, Aditya"]
[Black "Herring, Tim JC"]
[Result "1-0"]
[WhiteElo "1548"]
[BlackElo "1573"]
[PlyCount "109"]
[EventDate "2015.02.14"]

1. e4 e5 2. Nf3 Nc6 3. Bb5 d6 4. O-O Nf6 5. Re1 Be7 6. d4 exd4 7. Nxd4 Bd7 8.
Nc3 O-O 9. Be3 Nxd4 10. Bxd4 c6 11. Be2 Qc7 12. Qd2 Be6 13. Rad1 Rfd8 14. f4 b6
15. f5 Bc8 16. g4 Bb7 17. g5 Nd7 18. f6 Bf8 19. fxg7 Bxg7 20. Bxg7 Kxg7 21.
Qxd6 Qxd6 22. Rxd6 Ne5 23. Red1 Rxd6 24. Rxd6 Re8 25. Kf2 Re7 26. h4 Rd7 27.
Rxd7 Nxd7 28. Ke3 f6 29. Kf4 h6 30. gxh6+ Kxh6 31. Kf5 Kg7 32. Ke6 Ne5 33. Kd6
Bc8 34. Kc7 Be6 35. Kb7 f5 36. exf5 Bxf5 37. Bd3 Nxd3 38. cxd3 Bxd3 39. Kxa7 b5
40. Kb6 b4 41. Na4 b3 42. a3 Be4 43. Nc5 Bd5 44. a4 Kg6 45. a5 Bc4 46. a6 Bxa6
47. Nxa6 Kh5 48. Kxc6 Kxh4 49. Nc5 Kg5 50. Nxb3 Kf6 51. Nc5 Ke7 52. b4 Kd8 53.
b5 Kc8 54. b6 Kb8 55. Nd7+ 1-0

[Event "4NCL Division 3s"]
[Site "Daventry Court ENG"]
[Date "2015.02.14"]
[Round "5.99"]
[White "Gallagher, Daniel GH"]
[Black "Cooke, Charlie"]
[Result "1-0"]
[WhiteElo "1811"]
[BlackElo "1753"]
[PlyCount "67"]
[EventDate "2015.02.14"]

1. d4 d5 2. Nf3 Nf6 3. c4 e6 4. g3 c6 5. Bg2 Be7 6. O-O O-O 7. Qc2 Nbd7 8. Nbd2
b6 9. e4 Nxe4 10. Nxe4 dxe4 11. Qxe4 Bb7 12. Rd1 Qc7 13. Bf4 Bd6 14. Ng5 Nf6
15. Nxe6 Qc8 16. Qe3 Re8 17. Bxd6 Rxe6 18. Bh3 Rxe3 19. Bxc8 Rxg3+ 20. hxg3
Rxc8 21. Re1 Rd8 22. Be5 Nd7 23. Rad1 f6 24. Bc7 Rc8 25. Bd6 Rd8 26. Re7 Bc8
27. Bc7 Rf8 28. Rde1 c5 29. d5 h6 30. Re8 Kf7 31. R1e7+ Kg8 32. Rxc8 Rxc8 33.
Rxd7 Kh7 34. d6 1-0

[Event "4NCL Division 3s"]
[Site "Daventry Court ENG"]
[Date "2015.02.14"]
[Round "5.99"]
[White "Cresswell, Mike J"]
[Black "Golding, James"]
[Result "0-1"]
[WhiteElo "1754"]
[BlackElo "1747"]
[PlyCount "62"]
[EventDate "2015.02.14"]

1. e4 e5 2. Nf3 Nc6 3. d4 exd4 4. c3 d5 5. Bd3 Nf6 6. e5 Ne4 7. O-O dxc3 8.
Nxc3 Nxc3 9. bxc3 Bg4 10. Bf4 Bc5 11. Re1 Qd7 12. Rb1 O-O-O 13. h3 Bh5 14. Qc2
Bg6 15. Nd2 Bxd3 16. Qxd3 h6 17. Nb3 Bb6 18. Nd4 Nxd4 19. cxd4 Qa4 20. Be3 Qxa2
21. Qf5+ Rd7 22. e6 fxe6 23. Qxe6 Qa3 24. Bf4 Bxd4 25. Rxb7 Bb6 26. Rb8+ Kxb8
27. Qxd7 Qb4 28. Re8+ Rxe8 29. Qxe8+ Kb7 30. Qe5 Qb1+ 31. Kh2 Qe4 0-1

[Event "4NCL Division 3s"]
[Site "Daventry Court ENG"]
[Date "2015.02.14"]
[Round "5.99"]
[White "Ramaiya, Anshu"]
[Black "Mallon, Gunnar"]
[Result "1-0"]
[WhiteElo "1749"]
[BlackElo "1719"]
[PlyCount "83"]
[EventDate "2015.02.14"]

1. e4 e6 2. d4 d5 3. Nd2 c5 4. exd5 exd5 5. Bb5+ Bd7 6. Qe2+ Qe7 7. Bxd7+ Nxd7
8. dxc5 Qxe2+ 9. Nxe2 Bxc5 10. Nb3 Bb4+ 11. c3 Bd6 12. Bf4 Bxf4 13. Nxf4 Ngf6
14. O-O-O O-O-O 15. Nxd5 Nxd5 16. Rxd5 Nf6 17. Rxd8+ Rxd8 18. f3 Re8 19. Nd4
Nh5 20. Kd2 Nf4 21. g3 Ne6 22. Re1 Rd8 23. Ke3 Rd6 24. Nxe6 Rxe6+ 25. Kd2 Rd6+
26. Kc2 Rf6 27. f4 h5 28. Re7 h4 29. b4 hxg3 30. hxg3 Ra6 31. Kb3 f5 32. a4 Rc6
33. a5 a6 34. c4 Rd6 35. Re3 Rd1 36. b5 axb5 37. cxb5 Rb1+ 38. Kc4 Ra1 39. Kb4
Rb1+ 40. Kc5 Kd7 41. Kb6 Rb2 42. Rc3 1-0

[Event "4NCL Division 3s"]
[Site "Daventry Court ENG"]
[Date "2015.02.14"]
[Round "5.99"]
[White "Davidson, Laura J"]
[Black "Weaver, Lauren"]
[Result "1-0"]
[WhiteElo "1414"]
[BlackElo "1512"]
[PlyCount "125"]
[EventDate "2015.02.14"]

1. e4 d5 2. exd5 Qxd5 3. Nc3 Qd6 4. d4 c6 5. Nf3 Nf6 6. g3 Bg4 7. Bg2 e6 8. Bf4
Qd8 9. O-O Be7 10. Qd2 O-O 11. Be5 Nbd7 12. Qg5 Bxf3 13. Bxf3 Nxe5 14. Qxe5 Bd6
15. Qe2 Qc7 16. Ne4 Nxe4 17. Bxe4 Rfd8 18. c3 Rd7 19. Qh5 g6 20. Qh6 Bf8 21.
Qg5 Be7 22. Qe3 Rad8 23. f4 c5 24. Rad1 cxd4 25. cxd4 Rxd4 26. Rxd4 Rxd4 27.
Kh1 Qc4 28. Bg2 Bc5 29. Qe5 Bd6 30. Qe3 Bc5 31. Qe5 Bd6 32. Qe3 b6 33. Rc1 Qd3
34. Qf3 Qd2 35. Rf1 a5 36. Qb3 Bc5 37. a3 Rd3 38. Qb5 Qe3 39. Qe8+ Kg7 40. Qc6
Qe2 41. Qb5 Qe3 42. Qc4 Rd7 43. b4 Rd4 44. Qa2 axb4 45. axb4 Rxb4 46. Qa1+ Bd4
47. Qa8 Rc4 48. Qf3 b5 49. Qxe3 Bxe3 50. Re1 Bd4 51. Rb1 Kf6 52. Bf1 Rc5 53.
Bxb5 g5 54. fxg5+ Kxg5 55. Be8 f5 56. Rb7 h6 57. Re7 Kg4 58. Kg2 Rc2+ 59. Kf1
Rxh2 60. Rxe6 Rh1+ 61. Kg2 Ra1 62. Rg6+ Kh5 63. Rg8# 1-0

[Event "4NCL Division 3s"]
[Site "Daventry Court ENG"]
[Date "2015.02.14"]
[Round "5.99"]
[White "Asenov, Pavel"]
[Black "Ogunshola, Ben"]
[Result "1-0"]
[WhiteElo "1982"]
[BlackElo "2168"]
[PlyCount "85"]
[EventDate "2015.02.14"]

1. d4 d6 2. e4 Nf6 3. f3 c6 4. c4 a6 5. Be3 b5 6. Nd2 e5 7. d5 cxd5 8. cxd5 Bd7
9. Bd3 Be7 10. Ne2 O-O 11. O-O a5 12. a4 bxa4 13. Nc4 Bb5 14. Nxe5 Bxd3 15.
Nxd3 Re8 16. Nc3 Nbd7 17. Qxa4 Qb8 18. Bf2 Bd8 19. Nb5 Bb6 20. Kh1 Bxf2 21.
Rxf2 Qb6 22. Rc2 Reb8 23. Nd4 Qa6 24. Qa3 Rb6 25. h3 g6 26. Qc3 Ne8 27. b4 a4
28. Rca2 Kf8 29. Nc6 Nef6 30. Qc2 Rc8 31. Rxa4 Rbxc6 32. dxc6 Qxc6 33. Qxc6
Rxc6 34. Ra6 Nb6 35. b5 Rc3 36. Rxb6 Rxd3 37. e5 Nd7 38. Rxd6 Nxe5 39. Rxd3
Nxd3 40. b6 Nc5 41. Rc1 Nd7 42. Rc8+ Ke7 43. b7 1-0

[Event "4NCL Division 3s"]
[Site "Daventry Court ENG"]
[Date "2015.02.14"]
[Round "5.99"]
[White "Froom, Oliver"]
[Black "McLaren, Charlie"]
[Result "0-1"]
[WhiteElo "1997"]
[BlackElo "1641"]
[PlyCount "46"]
[EventDate "2015.02.14"]

1. e4 e6 2. d3 d5 3. Nd2 c5 4. Ngf3 Nc6 5. g3 Nf6 6. Bg2 Be7 7. O-O O-O 8. e5
Nd7 9. Re1 Qc7 10. Qe2 f6 11. exf6 Nxf6 12. Bh3 e5 13. Bxc8 Raxc8 14. Nxe5 Nxe5
15. Qxe5 Bd6 16. Qg5 Rf7 17. f4 Re7 18. Rxe7 Qxe7 19. Nf1 c4 20. d4 Qe4 21. c3
Re8 22. f5 Qf3 23. Qd2 Re2 0-1

[Event "4NCL Division 3s"]
[Site "Daventry Court ENG"]
[Date "2015.02.14"]
[Round "5.99"]
[White "Holton, Jake"]
[Black "Sloan, Hamish"]
[Result "1-0"]
[WhiteElo "1563"]
[BlackElo "1623"]
[PlyCount "91"]
[EventDate "2015.02.14"]

1. d4 Nf6 2. c4 e6 3. Nf3 d5 4. Nc3 Be7 5. cxd5 exd5 6. Bf4 c6 7. e3 Bf5 8. Bd3
Bxd3 9. Qxd3 O-O 10. O-O Nbd7 11. Rab1 a5 12. Nd2 Nh5 13. a3 Nxf4 14. exf4 Qc7
15. g3 Rfe8 16. Nf3 f6 17. f5 b5 18. Nh4 Nf8 19. Ne2 Bd6 20. Qf3 Qf7 21. Rbc1
Rac8 22. Rc2 Rc7 23. Ng2 Qd7 24. Qg4 g5 25. f3 Qf7 26. Nef4 Kh8 27. Nd3 h5 28.
Qh3 Nd7 29. Rfc1 Nb8 30. g4 h4 31. Nf2 Ree7 32. f4 Kg8 33. fxg5 fxg5 34. Qd3
Rc8 35. Qd2 Qf6 36. Nh3 Rd7 37. Re1 Be7 38. Re6 Qf7 39. Qxa5 Bf6 40. Qb4 Re8
41. Rce2 Rxe6 42. Rxe6 Be7 43. Qe1 Qf8 44. f6 Bxf6 45. Re8 Bxd4+ 46. Kh1 1-0

[Event "4NCL Division 3s"]
[Site "Daventry Court ENG"]
[Date "2015.02.14"]
[Round "5.99"]
[White "Fernando, Manel"]
[Black "Gentry, Alan"]
[Result "1-0"]
[WhiteElo "1640"]
[BlackElo "1827"]
[PlyCount "85"]
[EventDate "2015.02.14"]

1. d4 Nf6 2. Nf3 e6 3. Bf4 c5 4. c3 Nc6 5. e3 d5 6. Bd3 Bd7 7. O-O Rc8 8. Nbd2
cxd4 9. exd4 Be7 10. Ne5 Nxe5 11. Bxe5 Bc6 12. Qf3 Bd6 13. Rae1 Bxe5 14. Rxe5
Nd7 15. Rh5 g6 16. Rh3 Qg5 17. Qe2 b5 18. f4 Qf6 19. f5 Qe7 20. fxg6 f5 21.
Bxf5 exf5 22. Re3 Qxe3+ 23. Qxe3+ Kd8 24. gxh7 Rxh7 25. Rxf5 Kc7 26. Nf3 Rg8
27. Qf4+ Kb6 28. Qd6 Rhg7 29. g3 Rg6 30. Qf4 Rg4 31. Qe3 Re4 32. Qh6 Rge8 33.
Qg6 R8e6 34. Qg8 Re8 35. Qg6 R8e6 36. Qg8 Re8 37. Qg5 R8e6 38. Ne5 Nxe5 39.
Qd8+ Ka6 40. Qc8+ Kb6 41. Qb8+ Ka6 42. dxe5 d4 43. Qc7 1-0

[Event "4NCL Division 3s"]
[Site "Daventry Court ENG"]
[Date "2015.02.14"]
[Round "5.99"]
[White "Faizi, Tariq"]
[Black "Sheremetyeva, Elizaveta"]
[Result "1-0"]
[WhiteElo "1419"]
[BlackElo "1609"]
[PlyCount "121"]
[EventDate "2015.02.14"]

1. d4 f5 2. e3 d5 3. Nc3 Nf6 4. Be2 Nc6 5. b3 e6 6. Bb2 Bb4 7. Bd3 e5 8. dxe5
Nxe5 9. Nge2 O-O 10. O-O c6 11. Ng3 Ne4 12. Ncxe4 Nxd3 13. cxd3 fxe4 14. dxe4
b6 15. Qd4 Rf7 16. Qxb4 Ba6 17. Rfd1 c5 18. Qd2 Kh8 19. exd5 Qd7 20. e4 Raf8
21. f3 Qe7 22. Nf5 Qc7 23. Re1 Bc8 24. Bxg7+ Rxg7 25. Nxg7 Qxg7 26. Rac1 h5 27.
Qc3 Rf6 28. Re2 h4 29. Qe5 Qh6 30. Rce1 Kg8 31. Qc7 Rf8 32. d6 Qe6 33. Qe7 h3
34. Qxe6+ Bxe6 35. Rf2 Kf7 36. f4 Bg4 37. f5 Ke8 38. Rf4 Rg8 39. g3 Kd7 40. e5
a6 41. Kf2 a5 42. Ke3 b5 43. Kd2 a4 44. Ree4 Bh5 45. bxa4 b4 46. Rh4 Bf7 47.
Rh7 Ke8 48. e6 Bxe6 49. Rxe6+ Kd8 50. d7 c4 51. Re8+ Rxe8 52. dxe8=Q+ Kxe8 53.
Rb7 c3+ 54. Kc2 b3+ 55. axb3 Kd8 56. Kxc3 Ke8 57. f6 Kd8 58. a5 Ke8 59. a6 Kd8
60. f7 Kc8 61. f8=Q# 1-0

[Event "4NCL Division 3s"]
[Site "Daventry Court ENG"]
[Date "2015.02.14"]
[Round "5.99"]
[White "Karia, Kamlesh"]
[Black "Lawson, Maurice E"]
[Result "0-1"]
[WhiteElo "1698"]
[BlackElo "1947"]
[PlyCount "82"]
[EventDate "2015.02.14"]

1. e4 c6 2. d4 d5 3. exd5 cxd5 4. Bd3 Nc6 5. Nf3 Bg4 6. c3 e6 7. Bf4 Bd6 8.
Bxd6 Qxd6 9. Nbd2 Nf6 10. O-O O-O 11. Re1 Bh5 12. h3 Bg6 13. Bc2 b5 14. Ne5
Bxc2 15. Qxc2 Rfc8 16. Qd1 b4 17. Ng4 Nxg4 18. Qxg4 bxc3 19. bxc3 Ne7 20. Rec1
Rab8 21. Nb3 Ng6 22. g3 Nf8 23. Qe2 Nd7 24. Rc2 Qa3 25. Rac1 a5 26. c4 a4 27.
Nc5 Nxc5 28. dxc5 Rxc5 29. cxd5 Qxc1+ 30. Rxc1 Rxc1+ 31. Kg2 exd5 32. Qe5 Rd8
33. Qe7 Rcc8 34. Qb4 d4 35. Kf3 d3 36. Qd2 a3 37. Ke3 g6 38. Kf3 Rd7 39. Kg2 h6
40. h4 Kh7 41. Kf1 Rc2 0-1

[Event "4NCL Division 3s"]
[Site "Daventry Court ENG"]
[Date "2015.02.14"]
[Round "5.99"]
[White "Fowler, David W"]
[Black "Willmoth, Harrison"]
[Result "1-0"]
[WhiteElo "1863"]
[BlackElo "1552"]
[PlyCount "81"]
[EventDate "2015.02.14"]

1. d4 d6 2. c4 e5 3. e3 exd4 4. exd4 Nf6 5. Bd3 Be7 6. h3 O-O 7. Nf3 d5 8. O-O
h6 9. Nc3 c6 10. Bf4 Be6 11. c5 Re8 12. Bc2 Nbd7 13. Qd3 Nf8 14. Ne5 N6d7 15.
Qg3 Nxe5 16. Bxe5 Bf6 17. f4 Kh8 18. Rad1 b6 19. b4 b5 20. a4 a6 21. Ra1 Bxe5
22. fxe5 Qd7 23. Ne2 Qe7 24. Nf4 Bd7 25. Nh5 Ne6 26. Bf5 Qf8 27. Bxe6 Bxe6 28.
Nf4 Qe7 29. Nh5 Qf8 30. Ra3 Qg8 31. Rfa1 Bc8 32. axb5 cxb5 33. Qf4 Re6 34. Rg3
Bb7 35. Rxg7 Qxg7 36. Nxg7 Kxg7 37. Rf1 Rf8 38. Qg4+ Rg6 39. Qd7 Bc6 40. Qc7
Re6 41. Rf6 1-0

[Event "4NCL Division 3s"]
[Site "Daventry Court ENG"]
[Date "2015.02.14"]
[Round "5.99"]
[White "Karia, Devin"]
[Black "Kane, Robert (Bob) B"]
[Result "1/2-1/2"]
[WhiteElo "1261"]
[BlackElo "1893"]
[PlyCount "57"]
[EventDate "2015.02.14"]

1. d4 d5 2. Nf3 e6 3. Bf4 f5 4. e3 Nf6 5. c4 c6 6. Nc3 Be7 7. Be2 O-O 8. h3
Nbd7 9. O-O Ne4 10. cxd5 exd5 11. Rc1 Ndf6 12. Ne5 Qa5 13. Qc2 Nxc3 14. Qxc3
Bb4 15. Qc2 Be6 16. a3 Be7 17. Bd3 Nd7 18. Nf3 Nf6 19. Ng5 Bc8 20. Bxf5 h6 21.
Be6+ Bxe6 22. Nxe6 Rf7 23. Bc7 Qa6 24. Be5 Rc8 25. f3 c5 26. Nf4 Qc6 27. Ng6
Nd7 28. Nxe7+ Rxe7 29. Bf4 1/2-1/2

[Event "4NCL Division 3s"]
[Site "Daventry Court ENG"]
[Date "2015.02.14"]
[Round "5.99"]
[White "Hung, Dylan"]
[Black "Levens, David G"]
[Result "0-1"]
[WhiteElo "1375"]
[BlackElo "1965"]
[PlyCount "46"]
[EventDate "2015.02.14"]

1. c4 Nf6 2. g3 e6 3. Bg2 d5 4. Nf3 Be7 5. O-O O-O 6. d3 c5 7. Na3 Nc6 8. Nc2
d4 9. Bd2 e5 10. Rb1 Qc7 11. a3 Bd7 12. b4 Rae8 13. bxc5 Bxc5 14. e3 Bf5 15. e4
Bc8 16. Nb4 Qd6 17. Ne1 b6 18. Nec2 Bg4 19. Qc1 a5 20. Nxc6 Qxc6 21. f4 Be2 22.
Re1 Bxd3 23. fxe5 Ng4 0-1

[Event "4NCL Division 3s"]
[Site "Daventry Court ENG"]
[Date "2015.02.14"]
[Round "5.9"]
[White "Bulmaga, Elena"]
[Black "Payne, Matthew J"]
[Result "0-1"]
[WhiteElo "1809"]
[BlackElo "1964"]
[PlyCount "102"]
[EventDate "2015.02.14"]

1. d4 Nf6 2. c4 g6 3. Nc3 Bg7 4. Nf3 d6 5. h3 O-O 6. Bg5 c5 7. e3 Qa5 8. Bxf6
Bxf6 9. Be2 Nc6 10. O-O Bf5 11. Nd5 Bg7 12. a3 Qd8 13. b4 e6 14. Nc3 cxd4 15.
exd4 e5 16. d5 e4 17. Nh2 Bxc3 18. Rc1 Bb2 19. Rc2 Bxa3 20. dxc6 bxc6 21. b5
cxb5 22. cxb5 Bc5 23. Ng4 Qg5 24. Qa1 f6 25. Kh2 h5 26. Qa2+ Kg7 27. Ne3 Bd7
28. Nd5 Qe5+ 29. Kh1 Be6 30. Bc4 Rac8 31. Re1 g5 32. Rce2 f5 33. Qd2 Bxd5 34.
Bxd5 Qf6 35. Qa2 g4 36. Qb3 Bd4 37. Rc2 Qh4 38. Rec1 Rc5 39. b6 axb6 40. Qxb6
Qf6 41. Rxc5 Bxc5 42. Qc7+ Kh8 43. Kg1 Bxf2+ 44. Kxf2 Qd4+ 45. Kf1 Qxd5 46. Ra1
e3 47. Qc3+ Qe5 48. Qxe5+ dxe5 49. hxg4 hxg4 50. Ke2 f4 51. g3 Kg7 0-1

[Event "4NCL Division 3s"]
[Site "Daventry Court ENG"]
[Date "2015.02.14"]
[Round "5.11"]
[White "Kruk, Karina"]
[Black "Finn, Thomas"]
[Result "1/2-1/2"]
[WhiteElo "1816"]
[BlackElo "1548"]
[PlyCount "99"]
[EventDate "2015.02.14"]

1. d4 d5 2. Nf3 c5 3. c3 e6 4. Bf4 Nc6 5. e3 Nf6 6. Bd3 Be7 7. Nbd2 O-O 8. Bb1
b5 9. Qc2 h6 10. Ne5 Bb7 11. g4 c4 12. g5 hxg5 13. Bxg5 Re8 14. Rg1 Qc7 15.
Nxf7 Qxh2 16. Nf3 Qh5 17. Bxf6 Bxf6 18. N7g5 Bxg5 19. Nxg5 e5 20. Qh7+ Qxh7 21.
Bxh7+ Kf8 22. Bg6 Rec8 23. Bf5 Rcb8 24. Ne6+ Ke7 25. Nc7 Rf8 26. Nxd5+ Kd6 27.
e4 g5 28. Rxg5 Rg8 29. dxe5+ Nxe5 30. Rxg8 Rxg8 31. O-O-O Nd3+ 32. Kc2 Rg2 33.
Ne3 Rxf2+ 34. Rd2 Rxd2+ 35. Kxd2 Nxb2 36. Ng4 Nd3 37. Ke3 b4 38. cxb4 Nxb4 39.
e5+ Kc5 40. a3 Nc6 41. Bd7 Ne7 42. Nf6 Nd5+ 43. Nxd5 Kxd5 44. e6 Kd6 45. Kd4
Bd5 46. a4 Bxe6 47. Bxe6 Kxe6 48. Kxc4 Kd6 49. Kb5 Kc7 50. Ka6 1/2-1/2

[Event "4NCL Division 3s"]
[Site "Daventry Court ENG"]
[Date "2015.02.14"]
[Round "5.13"]
[White "Pramod Paleri, Adithya P"]
[Black "Graham, Cassie M"]
[Result "1/2-1/2"]
[WhiteElo "1489"]
[BlackElo "1670"]
[PlyCount "182"]
[EventDate "2015.02.14"]

1. d4 Nf6 2. c4 g6 3. f3 Bg7 4. e4 d6 5. Nc3 O-O 6. Be3 e5 7. d5 a5 8. Qd2 Na6
9. O-O-O Nc5 10. h4 a4 11. Bg5 Ncd7 12. g4 a3 13. b3 b6 14. h5 Ba6 15. Bh6 Re8
16. Bxg7 Kxg7 17. hxg6 fxg6 18. Qh6+ Kg8 19. Nge2 Nf8 20. Ng3 Qe7 21. Rd2 Qg7
22. Qg5 N6d7 23. Rdh2 Qf6 24. Qe3 Re7 25. Nd1 Rf7 26. Be2 Qf4 27. Qxf4 exf4 28.
Nf1 Ne5 29. Nf2 Bc8 30. Nh3 Bd7 31. Ng5 Rg7 32. Nd2 Nf7 33. Nh3 g5 34. Nf2 Ne5
35. Rh5 Be8 36. R5h3 Nfg6 37. Nd3 Nxd3+ 38. Bxd3 Ne5 39. Be2 Ra5 40. Kc2 Bg6
41. Kc3 Re7 42. b4 Ra7 43. Rb1 Re8 44. Rb3 Rea8 45. Nb1 Be8 46. b5 Nd7 47. Kb4
Ra4+ 48. Kc3 Nc5 49. Rb4 R4a7 50. Nd2 Bg6 51. Nb3 Nxb3 52. Rxb3 Kg7 53. Rb1 Rh8
54. Rbh1 Raa8 55. Kb4 Ra7 56. Bd1 Kf6 57. Bc2 Ke5 58. Kc3 Ra5 59. Rh6 Rg8 60.
Rb1 Rga8 61. Rb4 R5a7 62. Kd3 Ra5 63. Rb3 Ra4 64. Rc3 R4a5 65. Bb3 R5a7 66. Rh1
Rh8 67. Rh6 Rha8 68. Rc1 Ra5 69. Rch1 R5a7 70. R1h3 Ra5 71. Rh1 R5a7 72. Rd1
Ra5 73. Kc3 Rh8 74. Kb4 Rha8 75. Rd3 R5a7 76. Rd1 Ra5 77. Kc3 R5a7 78. Bc2 Ra5
79. Bb3 R5a7 80. Kd3 Ra5 81. Rd2 R5a7 82. Rhh2 Ra5 83. Rh3 R5a7 84. Rh1 Ra5 85.
Rdd1 R5a7 86. Rd2 Ra5 87. Kc3 R5a7 88. Rd4 Ra5 89. Rd2 R5a7 90. Rd3 Ra5 91. Rd2
R5a7 1/2-1/2

[Event "4NCL Division 3s"]
[Site "Daventry Court ENG"]
[Date "2015.02.14"]
[Round "5.14"]
[White "Howell, Matthew G"]
[Black "Rahulan, Thivyaa"]
[Result "1-0"]
[WhiteElo "1489"]
[BlackElo "1369"]
[PlyCount "85"]
[EventDate "2015.02.14"]

1. e4 e6 2. d4 d5 3. e5 c5 4. c3 Qb6 5. Nf3 Nc6 6. Be2 Nh6 7. O-O Nf5 8. g4 Nh6
9. h3 Bd7 10. Na3 cxd4 11. cxd4 Rc8 12. Nc2 Nb4 13. Ne3 Bb5 14. Bxb5+ Qxb5 15.
Qb3 Qa6 16. Bd2 Nc6 17. Bc3 Be7 18. a3 Kd7 19. Qc2 f6 20. exf6 gxf6 21. Rfe1
Rcg8 22. Qe2 Qb6 23. Ng2 Nd8 24. Ne3 f5 25. Nxd5 exd5 26. Qxe7+ Kc8 27. Qc5+
Qc6 28. Qxa7 Rg7 29. Qa8+ Kc7 30. Ba5+ b6 31. Rac1 bxa5 32. Rxc6+ Nxc6 33. Qxh8
Rf7 34. Ne5 Re7 35. Rc1 Re6 36. Qxh7+ Kb6 37. Rxc6+ Rxc6 38. Nxc6 Kxc6 39.
Qxh6+ Kb5 40. b3 a4 41. bxa4+ Kxa4 42. Qb6 fxg4 43. Qb4# 1-0